Algebra /

Guardado en:
Autor Principal: Faith, Carl Clifton, 1927-
Formato: Libro
Idioma:English
Publicado: Berlin : Springer-Verlag, 1981-
Edición:Corr. reprint.
Series:Grundlehren der mathematischen Wissenschaften in Einzeldarstellungen mit besonderer Berücksichtigung der Anwendungsgebiete ; Bd. 190, etc.
Materias:
Etiquetas: Agregar Etiqueta
Sin Etiquetas, Sea el primero en etiquetar este registro!
LEADER 01077cam a2200289 a 4500
001 MAT.inmabb004299
008 801210r19811973gw#######b####001#0#eng##
005 20170512134454.0
245 1 0 |a Algebra /  |c Carl Faith. 
250 |a Corr. reprint. 
260 |a Berlin :  |b Springer-Verlag,  |c 1981- 
300 |a v. <1 > ;  |c 25 cm. 
490 1 |a Grundlehren der mathematischen Wissenschaften ;  |v 190- 
500 |a Vol. 1 publicado originalmente en 1973. 
504 |a Incluye referencias bibliográficas (v. 1, p. [538]-552) e índices. 
505 1 |a 1. Rings, modules, and categories. 
510 4 |a MR,  |c 82g:16001 
020 |a 0387055517 (v. 1) 
100 1 |a Faith, Carl Clifton,  |d 1927- 
830 0 |a Grundlehren der mathematischen Wissenschaften in Einzeldarstellungen mit besonderer Berücksichtigung der Anwendungsgebiete ;  |v Bd. 190, etc. 
650 0 |a Rings (Algebra) 
650 0 |a Modules (Algebra) 
650 0 |a Categories (Mathematics) 
084 |a 16-02  |2 msc2000 
010 |a  80028970  
040 |a DLC  |c DLC  |d DLC 
859 |h 16  |i F174  |p A-5683  |v 1  |3 v. 1  |b BIB. MATEMATICA